| 000 | 00848 a2200193 4500 | ||
|---|---|---|---|
| 999 |
_c9128 _d9128 |
||
| 020 | _a9780750660051 | ||
| 050 | 0 | 0 | _aK3943 NAY 2006 |
| 100 | 1 |
_aNayler, Peter. _eauthor |
|
| 245 | 1 | 0 |
_aBusiness law in the global marketplace : _bthe effects on international business / _cby Peter Nayler. |
| 264 |
_aLondon: _bRoutledge, _c2006 |
||
| 300 |
_ax, 261 p. : _bill. ; |
||
| 500 | _aIncludes bibliographical references and index. | ||
| 504 | _aIncludes bibliographical references and index. | ||
| 650 | 0 |
_aInternational business enterprises _xLaw and legislation. |
|
| 650 | 0 |
_aGlobalization _xEconomic aspects. |
|
| 856 | 4 | 2 |
_3Publisher description _uhttp://www.loc.gov/catdir/enhancements/fy0632/2005928726-d.html |
| 942 |
_2lcc _cBK _h3943 _iNAY _kK |
||